Normal view
MARC view
- تاليف خليفة ،شعبان عبدالعزيز /م .مشارك محمد عوض العايدي
Entry Personal Name
001 - CONTROL NUMBER
- control field: 20572
003 - CONTROL NUMBER IDENTIFIER
- control field: JO-AjAnu
005 - DATE AND TIME OF LATEST TRANSACTION
- control field: 20230606073557.0
008 - FIXED-LENGTH DATA ELEMENTS
- fixed length control field: 230606|| aca||aabn | a|a d
040 ## - CATALOGING SOURCE
- Original cataloging agency: JO-AjAnu
- Transcribing agency: JO-AjAnu
100 ## - HEADING--PERSONAL NAME
- Personal name: تاليف خليفة ،شعبان عبدالعزيز /م .مشارك محمد عوض العايدي
670 ## - SOURCE DATA FOUND
- Source citation: Work cat.: (JO-AjAnu)10563: تاليف خليفة ،شعبان عبدالعزيز /م .مشارك محمد عوض العايدي , author, قائمة رؤوس الموضوعات العربة الكبرى الدراسة